=LDR 00000nam 2200000 4500 =001 INLIS000000000036212 =005 20221108074516 =035 ##$$a 0010-061300000036212 =008 221108###########################0###### =041 ##$$a Ind =082 ##$$a 657.3 =090 ##$$a 657.3, sti =100 ##$$a Stice, James =245 1#$$a Intermediate Accounting : $b Akuntansi Intermediate =260 ##$$a 2009 :$b Jakarta =300 ##$$a 970 hlm =850 ##$$a NBPNMAT =990 ##$$a 150.1952 =990 ##$$a 21601775/BPAP-NTB/2017